Formula One Drivers by Country - Statistics

General Stats
  • This quiz has been taken 42 times
  • The average score is 76 of 107
Answer Stats
# Produced Answer % Correct
Lewis Hamilton
100%
162 United Kingdom
100%
18 Australia
97%
4 East Germany
97%
9 Finland
97%
71 France
97%
George Russell
97%
53 Germany
97%
99 Italy
97%
Michael Schumacher
97%
Mika Häkkinen
97%
10 New Zealand
97%
159 United States
97%
Alain Prost
94%
25 Argentina
94%
15 Canada
94%
1 China
94%
Esteban Ocon
94%
Fernando Alonso
94%
Jacques Villeneuve
94%
Lando Norris
94%
Max Verstappen
94%
Pierre Gasly
94%
15 Spain
94%
11 Sweden
94%
Antonio Giovinazzi
90%
24 Belgium
90%
32 Brazil
90%
21 Japan
90%
17 Netherlands
90%
Nico Hülkenberg
90%
Oscar Piastri
90%
1 Poland
90%
4 Russia
90%
23 South Africa
90%
Alberto Ascari
87%
16 Austria
87%
Ayrton Senna
87%
Carlos Sainz, Jr
87%
2 India
87%
Lance Stroll
87%
Logan Sargeant
87%
Mario Andretti
87%
6 Mexico
87%
24 Switzerland
87%
Valtteri Bottas
87%
Zhou Guanyu
87%
Charles Leclerc
84%
1 Hungary
84%
Juan Manuel Fangio
84%
5 Monaco
84%
Niki Lauda
84%
Nikita Mazepin
84%
5 Portugal
84%
Robert Kubica
84%
Yuki Tsunoda
84%
1 Chile
81%
3 Colombia
81%
Daniil Kvyat
81%
Jody Scheckter
81%
Sergio Pérez
81%
5 Ireland
77%
Jacky Ickx
77%
5 Denmark
74%
Denny Hulme
74%
Marcus Ericsson
74%
Pietro Fittipaldi
74%
Ronnie Peterson
74%
Kamui Kobayashi
71%
Kevin Magnussen
71%
1 Malaysia
71%
1 Czech Republic
68%
Jack Brabham
68%
1 Morocco
68%
Stoffel Vandoorne
68%
3 Venezuela
68%
1 Indonesia
65%
Juan Pablo Montoya
61%
Pastor Maldonado
61%
2 Thailand
61%
Alexander Albon
58%
Clay Regazzoni
55%
Liam Lawson
55%
1 Liechtenstein
55%
Narain Karthikeyan
48%
Rio Haryanto
48%
Sébastien Buemi
48%
5 Rhodesia
45%
Zsolt Baumgartner
45%
Alex Yoong
42%
Christian Klien
39%
Tiago Monteiro
39%
4 Uruguay
39%
Eliseo Salazar
35%
Tomáš Enge
35%
John Love
26%
Rikky von Opel
26%
Derek Daly
23%
Gastón Mazzacane
19%
Ralph Firman
16%
Robert La Caze
10%
Alberto Uria
3%
Asdrúbal Fontes Bayardo
3%
Rudolf Krause
3%
Edgar Barth
0%
Ernst Klodwig
0%
Theo Fitzau
0%
No matching quizzes found
Score Distribution
Percent of People with Each Score
Percentile by Number Answered
Your Score History
You have not taken this quiz